Composers by Famous Piece - Statistics

General Stats
  • This quiz has been taken 193 times
  • The average score is 24 of 35
Answer Stats
Hint Answer % Correct
Eine Kleine Nachtmusik Wolfgang Amadeus Mozart
95%
Für Elise Ludwig Van Beethoven
92%
Four Seasons Antonio Vivaldi
91%
The Nutcracker Suite Pyotr Ilyich Tchaikovsky
89%
New World Symphony Antonín Dvořák
82%
Clair de Lune Claude Debussy
82%
Peer Gynt Suite Edvard Grieg
81%
Hallelujah Chorus George Frideric Handel
81%
Carmen Suite George Bizet
80%
The Planets Gustav Holst
80%
Toccata and Fugue in D Minor Johann Sebastian Bach
80%
The Blue Danube Johann Strauss II
80%
Rhapsody in Blue George Gershwin
78%
Bolero Maurice Ravel
77%
The Carnival of the Animals Camille Saint-Saëns
76%
Rite of Spring Igor Stravinsky
76%
The Flight of the Bumblebee Nikolai Rimsky-Korsakov
75%
Die Walküre Richard Wagner
74%
Gymnopedie No.1 Erik Satie
70%
21 Hungarian Dances Johannes Brahms
69%
Wedding March Felix Mendelssohn
68%
Symphony No.94 "Surprise" Joseph Haydn
67%
William Tell Overture Gioachino Rossini
65%
Can-Can Jacques Offenbach
61%
Also Sprach Zarathustra Richard Strauss
61%
Pictures at an Exhibition Modest Mussorgsky
59%
Requiem: Dies Irae Giuseppe Verdi
56%
La Campanella (Violin Concerto No.2 in B Minor) Niccolò Paganini
56%
Enigma Variations Edward Elgar
52%
Romeo and Juliet Sergei Prokofiev
50%
Kinderszenen Robert Schumann
48%
Má Vlast Bedřich Smetana
44%
Jazz Suite No.2 Dmitri Shostakovich
43%
Trout Quintet Franz Schubert
39%
Méditation de Thaïs Jules Massenet
24%
No matching quizzes found
Score Distribution
Percent of People with Each Score
Percentile by Number Answered
Your Score History
You have not taken this quiz